000 00219 a2200097 4500
001 23904
100 _aJowett, L E
245 _aReliability of Electronic Components
260 _a
_bIliffe
_c1966
090 _c16183
_d16183
942 _aNUST-CAE
_cM
_c6873
999 _c258977
_d258977